Rok eura

Hodnotenie roku, v ktorom sa zaviedlo euro v Slovenskej republike. Výhody aj nevýhody eura.

Enregistré dans:
Détails bibliographiques
Auteur principal: Jánoš, Daniel
Format: Chapitre de livre
Langue:slovaque
Sujets:
Tags: Ajouter un tag
Pas de tags, Soyez le premier à ajouter un tag!

MARC

LEADER 00000naa$a2200000$$$4500
001 0108211
005 20231103071807.0
041 0 |a slo 
044 |a SK 
245 1 0 |a Rok eura  |c Daniel Jánoš 
520 |a Hodnotenie roku, v ktorom sa zaviedlo euro v Slovenskej republike. Výhody aj nevýhody eura. 
610 2 0 |a peniaze 
610 2 0 |a mena 
610 2 0 |a euro 
610 2 0 |a politika menová 
610 2 0 |a stabilita meny 
610 2 0 |a Slovensko 
100 1 |a Jánoš, Daniel